00633nam a2200241Ia 4500008004100000020001500041050000900056050001400065245005800079245002100137245003800158260001700196260002000213260000900233300001500242300002700257300001100284440001200295500002300307650001900330650001600349650002600365170203s9999 xx 000 0 und d a9628851489 a0 30 bIl29 2004 aIllustrated encyclopedia of science and nature : binsect life II / cEducational Technologies limited. aHongkong :  bTime Life Asia, c2004 a82 pages : bcolor illustrations ;  c31 cm. vvol. 20 aIncludes glossary. aLife Sciences. aNavigation. aScience and nature.